|
|
|
|
| LEADER |
00000nam0a2200000 4500 |
| 001 |
109308 |
| 005 |
20231031115958.0 |
| 035 |
|
|
|a (RuTPU)RU\TPU\book\118009
|
| 090 |
|
|
|a 109308
|
| 100 |
|
|
|a 20070207d1982 m y0rusy50 ca
|
| 101 |
0 |
|
|a rus
|
| 102 |
|
|
|a RU
|
| 105 |
|
|
|a ab z 001zy
|
| 200 |
1 |
|
|a Роль подземных вод в миграции химических элементов
|f В. П. Зверев
|
| 210 |
|
|
|a Москва
|c Недра
|d 1982
|
| 215 |
|
|
|a 168 с.
|c ил.
|
| 320 |
|
|
|a Библиогр.: с. 182-183.
|
| 610 |
1 |
|
|a воды подземные
|
| 610 |
1 |
|
|a миграция
|
| 610 |
1 |
|
|a химические элементы
|
| 610 |
1 |
|
|a накопление
|
| 610 |
1 |
|
|a изучение
|
| 610 |
1 |
|
|a оценка
|
| 610 |
1 |
|
|a химический сток
|
| 610 |
1 |
|
|a гидрогеохимия
|
| 675 |
|
|
|a 551.49
|v 3
|
| 675 |
|
|
|a 550.42
|v 3
|
| 700 |
|
1 |
|a Зверев
|b В. П.
|g Валентин Петрович
|
| 801 |
|
1 |
|a RU
|b 63413507
|c 20070207
|g PSBO
|
| 801 |
|
2 |
|a RU
|b 63413507
|c 20171101
|g PSBO
|
| 942 |
|
|
|c BK
|